MARC

LEADER 00000nam2a2200000 4500
001 310184
005 20231102002248.0
035 |a (RuTPU)RU\TPU\book\335533 
035 |a RU\TPU\book\335329 
090 |a 310184 
100 |a 20151123d1957 km y0rusy50 ca 
101 0 |a rus 
102 |a RU 
105 |a a g 001zy 
200 0 |a Т. 2  |f под ред. А. Н. Малова 
210 |d 1957 
215 |a 584 с.  |c ил. 
320 |a Библиогр. в конце глав 
320 |a Предметный указатель: с. 566-584. 
461 1 |0 (RuTPU)RU\TPU\book\331829  |t Справочник технолога-машиностроителя  |o в 2 т.  |f гл. ред. В. М. Кован  |v Т. 2  |d 1957 
606 1 |a Машиностроение  |x Технология  |2 stltpush  |3 (RuTPU)RU\TPU\subj\41485  |9 61275 
610 1 |a металлорежущее оборудование 
610 1 |a металлорежущие станки 
610 1 |a приспособления 
610 1 |a технологические процессы 
610 1 |a автоматизация 
610 1 |a механизация 
610 1 |a металлорежущие инструменты 
610 1 |a режимы резания 
610 1 |a допуски 
610 1 |a посадки 
610 1 |a измерения 
610 1 |a материалы 
610 1 |a вычисления 
610 1 |a математические таблицы 
610 1 |a справочники 
675 |a 621.002(035)  |v 3 
702 1 |a Малов  |b А. Н.  |4 340 
801 1 |a RU  |b 63413507  |c 20030415  |g PSBO 
801 2 |a RU  |b 63413507  |c 20151130  |g PSBO 
942 |c BK